000 00485nam a22001817a 4500
003 NUST - PNEC
005 20170116181154.0
008 160105b xxu||||| |||| 00| 0 eng d
020 _a-
040 _cLIBRARY
082 _a297.6 ZUL
100 _915704
_aZulfiqar Arshad Gilani
245 _aTareekh e Anbiya
_cZulfiqar Arshad Gilani
260 _aLahore:
_bIlm-o-dost Publications,
_cc2005.
300 _a512 p.:
650 _915705
_aHistory, Islam
_xGeneral
942 _2ddc
_cBK
999 _c71092
_d71092